Prezident premiérovi netelefonoval ceny za volanie by podľa hlavy štátu mohli byť nižšie

Bibliographic Details
Main Author: (hkl) (Author)
Corporate Author: Telefonické centrum služieb (Košice, Slovensko) (Author)
Format: Article
Language:Slovak
Subjects:

MARC

LEADER 00000nab a2200000 a 4500
001 vtls000929262
003 SK-MaSNL
005 20260303033107.0
008 040720e20020212xo 0 slo
035 |a KE38139 
040 |a KEVKJB  |b slo  |c KEVKJB  |e AACR2 
041 0 |a slo 
044 |a xo  |c SK 
080 |a 323(437.67)  |2 1981 
080 |a 342.511  |2 1981 
080 |a 654  |2 1981 
100 0 |a (hkl)  |4 aut  |9 877284 
245 1 0 |a Prezident premiérovi netelefonoval  |b ceny za volanie by podľa hlavy štátu mohli byť nižšie 
590 |a Schuster, Rudolf 1934-,  |b politik, spisovateľ, primátor, prezident SR 
600 1 7 |a Schuster, Rudolf,  |d 1934-,   |2 KEVKJB  |9 86070 
610 2 7 |a Telefonické centrum služieb (Košice, Slovensko)  |2 KEVKJB  |9 1016366 
650 0 7 |a návštevy vládne  |2 KEVKJB  |9 1016367 
650 0 7 |a informácie  |2 KEVKJB  |9 1285 
651 7 |a Košice (Slovensko)  |2 KEVKJB  |9 18694 
651 7 |a K1,  |2 KEVKJB  |9 1016143 
655 7 |a periodikum  |2 snkbucl  |9 29553 
710 2 |a Telefonické centrum služieb (Košice, Slovensko)  |4 aut  |9 1016366 
773 0 8 |t Nový Čas  |g Roč. 12, č.36, 12.2.2002, s. 24 
852 |a ZVYKNI  |b KIS3GCP 
999 |c 1668596  |d 1670526